00627nam a22001817a 450000500170000001000150001702000260003203500140005803700130007208200110008510000330009624501210012926000410025027000800029130000200037170000260039170000280041720200302154611.0 aENG-127948 a9788175247802c850.00 aEN-111480 bDBAD/PUB a796.07 aRuikar,Divakar Vishwanathrao aText Book of Physical Educationcby Divakar Vishwanathrao Ruikar, Durgesh Bhaskar Kunte [and]Umesh Jugalkishor Rathi aNew DelhibKhel Sahitya Kendrac2015 a7/26, Ansari Road, DaryaganjbNew Delhie110002mkhelsahitya@rediffmail.com a290p.c23cm(hb) aKunte,Durgesh Bhaskar aRathi,Umesh Jugalkishor